Roubiliac's Work at Trinity College Cambridge : (Record no. 582278)

MARC details
000 -LEADER
fixed length control field 00512nam a2200193 a 4500
008 - FIXED-LENGTH DATA ELEMENTS--GENERAL INFORMATION
fixed length control field 250814s2009##################000#0#eng##
020 ## - INTERNATIONAL STANDARD BOOK NUMBER
ISBN 9781108002318
082 04 - DEWEY DECIMAL CLASSIFICATION NUMBER
Classification number 730.92
Item number ESD
100 1# - MAIN ENTRY--AUTHOR NAME
Personal name Esdaile, Katherine Ada McDowall,
245 10 - TITLE STATEMENT
Title Roubiliac's Work at Trinity College Cambridge :
260 ## - PUBLICATION, DISTRIBUTION, ETC. (IMPRINT)
Name of publisher Cambridge University Press,
Year of publication 2009.
300 ## - PHYSICAL DESCRIPTION
Number of Pages 68 pages
650 #0 - SUBJECT ADDED ENTRY--TOPICAL TERM
Topical Term Art.
942 ## - ADDED ENTRY ELEMENTS (KOHA)
Koha item type English Books
Holdings
Withdrawn status Lost status Damaged status Not for loan Home library Current library Shelving location Date acquired Full call number Accession Number Price effective from Koha item type
        Anna Centenary Library Anna Centenary Library 6TH FLOOR, B WING 14.08.2025 730.92 ESD 241252 14.08.2025 English Books
        Anna Centenary Library Anna Centenary Library 6TH FLOOR, B WING 14.08.2025 730.92 ESD 241681 14.08.2025 English Books

Find us on the map